01321nam a2200217 a 450000100090000000300090000900500170001800700090003500800410004402000150008504000220010024501230012226000400024530000390028549000120032450000840033650506050042070000370102570000290106283000120109100003877DO-SdBNP20180312082504.000003877091118s2002 dr ac 000 0 spa d a9993487341 aBNPHUbspacBNPHU00aAntología literaria 3 :beducación media /cselección Manuel García Cartagena ; ilustración Ruddy Núñez aSanto Domingo :bSantillana,c2002. a151 p. : bil., retrs. ; c28 cm. 1 aUmbral  3Literatura española (siglo XX) conectada con literatura universal (siglo XX).0 g1er. curso/ Segundo ciclogUnidad 1tEspaña en transición --gUnidad 2tPensadores españoles del novecentismo --gUnidad 3tLa lírica española de entreguerras --gUnidad 4tPoetas españoles de vanguardia --gUnidad 5tLetras española de la posguerra --gUnidad 6tLetras española contemporáneas --gUnidad 7tLetras de la " Belle epoque" --gUnidad 8tLetras de la época de entreguerras --gUnidad 9tGrandes novelistas alemanes --gUnidad 10tLetras francesas de la posguerra --gUnidad 11tLetras de la posguerra norteamericana --gUnidad 12tLetras europeas contemporáneas --12aGarcía Cartagena, Manuel,eed.12aNúñez, Ruddy ,eil.  0aUmbral